Underwood and Holt's professional negligence

Bibliographic Details
Main Author: Underwood, Ashley
Other Authors: Bennington, Jane, Harrop-Griffiths, Hilton
Format: Book
Published: London : Fourmat Publ. , 1985
Edition:2nd. ed.
Subjects:

MARC

LEADER 00000cam a2200000 7i4500
001 0000009093
005 20160927.0
020 |a 0906840902 
040 |a INS 
090 0 0 |a KD1975   |b U54 1985 
100 1 |a Underwood, Ashley 
245 1 0 |a Underwood and Holt's professional negligence   |c edited by by Hilton Harrop-Griffiths and Jane Bennington 
250 |a 2nd. ed. 
260 |a London :   |b Fourmat Publ. ,   |c 1985 
300 |a 136p ;   |c 22cm. 
650 0 0 |a Land tenure   |x Law 
650 0 0 |a Malpractice   |z GreatBritain 
700 1 |a Bennington, Jane 
700 1 |a Harrop-Griffiths, Hilton 
740 0 |a Professional negligence 
999 |a 0000022348   |b BOOK   |c Open Shelf   |e Default branch